Fluids & electrolytes made incredibly easy. (Record no. 1017)

MARC details
000 -LEADER
fixed length control field 01155pam a2200313 a 4500
001 - CONTROL NUMBER
control field 4000435
003 - CONTROL NUMBER IDENTIFIER
control field OSt
005 - DATE AND TIME OF LATEST TRANSACTION
control field 20150209150038.0
008 - FIXED-LENGTH DATA ELEMENTS--GENERAL INFORMATION
fixed length control field 961011s1997 paua 001 0 eng c
010 ## - LIBRARY OF CONGRESS CONTROL NUMBER
LC control number 96047450
020 ## - INTERNATIONAL STANDARD BOOK NUMBER
International Standard Book Number 0874348862 (alk. paper)
040 ## - CATALOGING SOURCE
Original cataloging agency DNLM/DLC
Transcribing agency DLC
Modifying agency DLC
050 00 - LIBRARY OF CONGRESS CALL NUMBER
Classification number RC630
Item number .F596 1997
060 10 - NATIONAL LIBRARY OF MEDICINE CALL NUMBER
Classification number WD 220 F6462 1997
082 00 - DEWEY DECIMAL CLASSIFICATION NUMBER
Classification number WD 220 F673 1997
Edition number 21
245 00 - TITLE STATEMENT
Title Fluids & electrolytes made incredibly easy.
246 3# - VARYING FORM OF TITLE
Title proper/short title Fluids and electrolytes made incredibly easy
260 ## - PUBLICATION, DISTRIBUTION, ETC. (IMPRINT)
Place of publication, distribution, etc. Springhouse, Pa. :
Name of publisher, distributor, etc. Springhouse Corp.,
Date of publication, distribution, etc. c1997.
300 ## - PHYSICAL DESCRIPTION
Extent vi, 321 p. :
Other physical details col. ill. ;
Dimensions 24 cm.
500 ## - GENERAL NOTE
General note Includes index.
650 #0 - SUBJECT ADDED ENTRY--TOPICAL TERM
Topical term or geographic name as entry element Water-electrolyte imbalances.
9 (RLIN) 2730
650 #0 - SUBJECT ADDED ENTRY--TOPICAL TERM
Topical term or geographic name as entry element Body fluid disorders.
9 (RLIN) 2731
650 12 - SUBJECT ADDED ENTRY--TOPICAL TERM
Topical term or geographic name as entry element Water-Electrolyte Imbalance
General subdivision nurses' instruction.
9 (RLIN) 2732
650 22 - SUBJECT ADDED ENTRY--TOPICAL TERM
Topical term or geographic name as entry element Water-Electrolyte Balance
General subdivision nurses' instruction.
9 (RLIN) 2733
710 2# - ADDED ENTRY--CORPORATE NAME
Corporate name or jurisdiction name as entry element Springhouse Corporation.
9 (RLIN) 1933
906 ## - LOCAL DATA ELEMENT F, LDF (RLIN)
a 7
b cbc
c orignew
d 1
e ocip
f 19
g y-gencatlg
942 ## - ADDED ENTRY ELEMENTS (KOHA)
Source of classification or shelving scheme Other/Generic Classification Scheme
Koha item type Short Loan
Holdings
Withdrawn status Lost status Source of classification or shelving scheme Damaged status Not for loan Home library Current library Date acquired Source of acquisition Inventory number Total Checkouts Full call number Barcode Date last seen Price effective from Koha item type
    Other/Generic Classification Scheme     MUST Main Library MUST Main Library 09/02/2015   2002/17593   WD 220 F673 1997 2015-0273 09/02/2015 09/02/2015 Short Loan